Pablo Antonio Cuadra : la palabra y el tiempo

שמור ב:
מידע ביבליוגרפי
מחבר ראשי: Balladares Cuadra, José Emilio
פורמט: ספר
שפה:Undetermined
יצא לאור: San José, Costa Rica Asociación Libro Libre 1986
נושאים:
תגים: הוספת תג
אין תגיות, היה/י הראשונ/ה לתייג את הרשומה!

MARC

LEADER 00000nam a2200000Ia 4500
008 170316s9999 xx 000 0 und d
040 |a cru BVZT 
090 |a C-860 B-1p 
100 |a Balladares Cuadra, José Emilio 
245 |a Pablo Antonio Cuadra : la palabra y el tiempo 
260 |a San José, Costa Rica 
260 |b Asociación Libro Libre 
260 |c 1986 
300 |a 216 páginas 
650 |a LITERATURA LATINOAMERICANA 
650 |a CRÍTICA 
999 |c 13046  |d 13046 
942 |c 15 D  |h C-860 B-1p  |2 z